Macroeconomics (Record no. 1380)

MARC details
000 -LEADER
fixed length control field 00415nam a22001697a 4500
005 - DATE AND TIME OF LATEST TRANSACTION
control field 20210828165408.0
008 - FIXED-LENGTH DATA ELEMENTS--GENERAL INFORMATION
fixed length control field 160523b xxu||||| |||| 00| 0 eng d
020 ## - INTERNATIONAL STANDARD BOOK NUMBER
ISBN 978-0-230-22492-6
041 ## - LANGUAGE CODE
Language code of text/sound track or separate title eng
082 ## - DEWEY DECIMAL CLASSIFICATION NUMBER
Item number 4110
Classification number 339
100 ## - MAIN ENTRY--AUTHOR NAME
Personal name Mankilo , Gregory N
245 ## - TITLE STATEMENT
Title Macroeconomics
260 ## - PUBLICATION, DISTRIBUTION, ETC. (IMPRINT)
Place of publication New Delhi
Name of publisher Academic Faundation
Year of publication 2008
300 ## - PHYSICAL DESCRIPTION
Number of Pages 564
650 ## - SUBJECT ADDED ENTRY--TOPICAL TERM
Topical Term Management
942 ## - ADDED ENTRY ELEMENTS (KOHA)
Koha item type Books
Holdings
Lost status Damaged status Collection code Home library Current library Shelving location Date acquired Source of acquisition Full call number Accession Number Koha item type
    MANAGEMENT JRU Library JRU Library SHELF-58-C 23/05/2016 PURCHASE 339 4110 Books
    MANAGEMENT JRU Library JRU Library SHELF-58-C 23/05/2016 PURCHASE 339 4111 Books
    MANAGEMENT JRU Library JRU Library SHELF-58-C 23/05/2016 PURCHASE 339 4112 Books
    MANAGEMENT JRU Library JRU Library SHELF-58-C 23/05/2016 PURCHASE 339 4113 Books
    MANAGEMENT JRU Library JRU Library SHELF-58-C 23/05/2016 PURCHASE 339 4114 Books
    Reference JRU Library JRU Library SHELF-1-D 23/05/2016 PURCHASE 339 4115 Books
    MANAGEMENT JRU Library JRU Library SHELF-58-C 23/05/2016 PURCHASE 339 4116 Books
    MANAGEMENT JRU Library JRU Library SHELF-58-C 23/05/2016 PURCHASE 339 4117 Books
    MANAGEMENT JRU Library JRU Library SHELF-58-C 23/05/2016 PURCHASE 339 4118 Books
    MANAGEMENT JRU Library JRU Library SHELF-58-C 23/05/2016 PURCHASE 339 4119 Books